000 01063cam a22003377a 4500
003 CHAP
005 20220901160401.0
008 971013s1994 r 00010 d
010 _a45434
011 _a46406
035 _a50547
040 _cCHAP
082 0 _a333.72
_bF3Y v.22
110 0 _aFAO
245 1 3 _aLa explotación del cocodrilo en cautividad
260 _aRoma :
_bFAO,
_c1994
300 _a83 p.
_b: ilus.
490 0 _aFAO. Guías de conservación
_v; 22
590 _aBATCH-UPD
_b10
_c20130110
590 _aBATCH-UPD
_b10
_c20130410
590 _aBATCH-UPD
_b10
_c20130914
590 _aCONVERSION
_b10
_c20130109
650 1 4 _aCocodrilos.
_924287
700 0 _aBolton, Melvin.
_913608
830 0 _aFAO. Guías de conservación
_v; 22
_939581
901 _aBK
942 _cLIBRO
_2ddc
949 _a333.72 F3Y v.22
_bBC
_cFAO
_d33724000396305
_eFAO1
_h89477
_i50547
_si
949 _a333.72 F3Y v.22
_bBC
_cFAO
_d33724000662417
_eFAO2
_fc.2
_h89478
_i50547
_si
949 _a333.72 F3y v.22
_bBC
_cLIBRO
_d03372400220903
_eFAO2
_fc.3
_h113194
_i50547
_sb
999 _c45434
_d45434